| 000 | 00589nam a2200229 a 4500 | ||
|---|---|---|---|
| 999 |
_c4554 _d4554 |
||
| 001 | 4554 | ||
| 003 | BD-JhCC | ||
| 005 | 20171128172721.0 | ||
| 008 | 171128s1965 enk |||| ||a| 00| 0 eng d | ||
| 035 | _a(BD-JhCC)4554 | ||
| 040 |
_aBD-JhCC _dBD-JhCC |
||
| 041 | _aeng | ||
| 082 |
_a910 _bFOU 1965 |
||
| 100 | _a Preece,D. M. | ||
| 245 |
_aFoundations of Geography / _cD. M. Preece, H. R. B. Wood |
||
| 260 |
_aLondon : _bUniversity Tutorial Press Ltd, _c1965. |
||
| 300 |
_a347 p. : _c22 cm. |
||
| 650 | _aGeography | ||
| 700 | _a Wood, H. R. B. | ||
| 942 |
_2ddc _cBK |
||